000 01254cam a2200337 i 4500
001 21632371
003 OSt
005 20240221105351.0
006 m |o d |
007 cr |||||||||||
008 181207s2019 enk ob 001 0 eng
010 _a 2020693643
020 _a9781351665360
020 _z9781138062757
040 _aDLC
_beng
_erda
_cDLC
_dDLC
042 _apcc
050 0 0 _aTH3401
082 0 0 _a720.286
_223
_bPLE
100 1 _aPlevoets, Bie,
_eauthor.
_9121011
245 1 0 _aAdaptive reuse of the built heritage :
_bconcepts and cases of an emerging discipline /
_cBie Plevoets and Koenraad Van Cleempoel.
260 _aLondon:
_bRoutledge;
_c2019.
300 _a236 p.:
504 _aIncludes bibliographical references and index.
650 0 _aBuildings
_xRemodeling for other use.
_936346
700 1 _aCleempoel, Koenraad Van,
_eauthor.
_9121012
776 0 8 _iPrint version:
_tAdaptive reuse of the built heritage
_dLondon ; New York : Routledge, Taylor & Francis Group, 2019.
_z9781138062757 (hbk.)
_w(DLC) 2018058371
906 _a7
_bcbc
_corigcop
_d1
_eecip
_f20
_gy-gencatlg
942 _2ddc
_cBK
_aSADA
_k720.286 PLE 2019
999 _c607973
_d607973